Statistics for all seasonal monsters in my singing monsters

Click here to take the quiz!

General Stats

  • This quiz has been taken 6 times
  • The average score is 10 of 15

Answer Stats

HintAnswer% Correct
water and easterblabbit
100%
earth islandhoola
100%
cold and christmasyool
100%
boneclavavera
75%
handmonculus
75%
pumkinpunkleton
75%
valintimesschmoochle
75%
fireworkswhiz-bang
75%
bookboo'qwurm
50%
lightscarillong
50%
saint patricksffidyll
50%
thanks givinggobbleygourd
50%
partyjam boree
50%
hatspurrit
50%
treeviveine
25%

Score Distribution

Percentile by Number Answered

Percent of People with Each Score

Your Score History

You have not taken this quiz